G112经过的县级行政区 - Statistics

General Stats
  • This quiz has been taken 4 times
  • The average score is 18 of 27
Answers on the Map
Answers color-coded by a green-red scale on the quiz's map according to % correct below.
 
Answer Stats
省级行政区 地级行政区 县级行政区 % Correct
天津市 武清区
100%
天津市 宝坻区
100%
河北省 保定市 高碑店市
75%
河北省 廊坊市 霸州市
75%
河北省 廊坊市 安次区
75%
天津市 北辰区
75%
天津市 宁河区
75%
河北省 唐山市 路北区
75%
河北省 唐山市 开平区
75%
河北省 唐山市 遵化市
75%
河北省 承德市 鹰手营子矿区
75%
河北省 承德市 承德县
75%
河北省 承德市 滦平县
75%
河北省 承德市 双滦区
75%
河北省 保定市 雄县
50%
河北省 廊坊市 固安县
50%
河北省 唐山市 丰南区
50%
河北省 唐山市 丰润区
50%
河北省 承德市 兴隆县
50%
河北省 承德市 丰宁满族自治县
50%
河北省 张家口市 赤城县
50%
河北省 张家口市 宣化区
50%
河北省 张家口市 阳原县
50%
河北省 张家口市 蔚县
50%
河北省 保定市 涞源县
50%
河北省 保定市 易县
50%
河北省 保定市 涞水县
50%
No matching quizzes found
Score Distribution
Percent of People with Each Score
Percentile by Number Answered
Your Score History
You have not taken this quiz